|
|
|
|
| LEADER |
00889nam a22002778a 4500 |
| 001 |
00042875 |
| 005 |
20181026081017.0 |
| 008 |
171101s2017####-vm#################vie|d |
| 020 |
# |
# |
|a 978 604 962 038 6
|
| 041 |
0 |
# |
|a Vie
|
| 082 |
# |
# |
|a 335.4
|b T103S
|
| 100 |
1 |
# |
|a Eagleton, Terry
|
| 245 |
1 |
0 |
|a Tại sao Mác đúng?
|c Terry Eagleton
|b Sách tham khảo
|
| 250 |
# |
# |
|a Tái bản lần thứ 2
|
| 260 |
# |
# |
|b Lý luận chính trị
|c 2018
|a Hà Nội
|
| 300 |
# |
# |
|a 290 tr.
|c 24 cm.
|
| 490 |
# |
# |
|a Tủ sách phục vụ lãnh đạo
|
| 653 |
# |
# |
|a Chính trị
|
| 653 |
# |
# |
|a Chủ nghĩa Mác
|
| 653 |
# |
# |
|a Chủ nghĩa xã hội
|
| 653 |
# |
# |
|a Sách tham khảo
|
| 653 |
# |
# |
|a lãnh đạo
|
| 852 |
# |
# |
|j KM.0026521
|j KM.0026522
|j KD.0024399
|
| 910 |
0 |
# |
|d 26/10/2018
|
| 980 |
# |
# |
|a Trung tâm Học liệu Lê Vũ Hùng, Trường Đại học Đồng Tháp
|